000 00517nam a2200181Ia 4500
008 090123s9999 xx 000 0 und d
082 _b37736
100 _aकेळकर वैजयंती
245 _aअस्ताई
250 _a1
260 _bवसंत बुक स्टॉल
_c2005
300 _a128
600 _aकेळकर वैजयंती
630 _aअस्ताई
700 _aकेळकर वैजयंती
730 _aअस्ताई
942 _cBOOK
999 _c75803
_d75803